| 000 | 00528cab a2200181 4500 | ||
|---|---|---|---|
| 001 | WB2546-16 | ||
| 008 | 090401t1989 xxu||||| |||| 00| 0 eng d | ||
| 035 | _a(Sirsi) u4193 | ||
| 041 | _aeng | ||
| 245 | _aHouse prices to rise | ||
| 260 | _c1989 | ||
| 350 | _a0 | ||
| 490 |
_aTimes _v17/11/89 ,p7 |
||
| 520 | _aCharterhouse predicts house prices will rise next year as first-time buyers come back into the market. | ||
| 690 | _aPROPERTY-RESIDENTIAL PROPERTY-RESIDENTIAL PROPERTY MARKET | ||
| 942 | _n0 | ||
| 948 | _c04/03/1997 | ||
| 999 |
_c2509 _d2509 |
||